Click the Countries of NATO on a Map - Statistics

General Stats
  • This quiz has been taken 52 times
    32 since last reset
  • The average score is 32 of 32
Answers on the Map
Answers color-coded by a green-red scale on the quiz's map according to % correct below.
 
Answer Stats
Answer % Correct
Albania
100%
Bulgaria
100%
Canada
100%
Czech Republic
100%
Denmark
100%
Estonia
100%
Germany
100%
Greece
100%
Hungary
100%
Iceland
100%
Italy
100%
Latvia
100%
Lithuania
100%
Luxembourg
100%
Montenegro
100%
Netherlands
100%
North Macedonia
100%
Portugal
100%
Slovakia
100%
Slovenia
100%
Spain
100%
Sweden
100%
United Kingdom
100%
United States
100%
Belgium
96%
Croatia
96%
Finland
96%
France
96%
Poland
96%
Romania
96%
Turkey
96%
Norway
92%
No matching quizzes found
Score Distribution
Percent of People with Each Score
Percentile by Number Answered
Your Score History
You have not taken this quiz since the last reset